000 01321nam0a22002771 4500
001 v19\rc\1862194
005 20251118180159.6
035 _a(NLR Aleph) 004955441
090 _a5927376
_c5927376
100 _a20080221d1909 u y0rusy50 ca
101 0 _arus
102 _aRU
105 _aa z |||||
200 1 _aОбъяснение молитв, символа веры и заповедей, с присоединением истории двенадцати праздников
_eДля нач. уч-щ и для мл. кл. сред.-учеб. заведений, применительно к прогр., утв. Св. синодом и г. министром нар. прос.
_fСост. свящ. П. Соколов, законоучитель Моск. Елизавет. жен. гимназии
210 _aМосква
_cА.С. Панафидина
_d1909
215 _a115 с.
_cил.
_d20
700 1 _4220
_7ca
_8rus
_aСоколов
_bП. С.
_cсвященнослужитель, педагог
_gПавел Сергеевич
_9253061
_3RU\NLR\AUTH\770253117
801 0 _aRU
_bNLR
_gpsbo
801 0 _aRU
_bRuMoRGB
_2psbo
801 1 _aRU
_bProSoft-M
_2rusmarc
852 _aNLR
_j37.5.6.42
899 _aRuMoRGB
_jT 37/56
899 _aRuMoRGB
_jW 499/1802
899 _aБАН
942 _cBOOK
980 _aNB